| 000 | 00481nam a22001697a 4500 | ||
|---|---|---|---|
| 999 |
_c17571 _d17571 |
||
| 008 | 190325b xxu||||| |||| 00| 0 eng d | ||
| 020 | _a8131773567 | ||
| 040 |
_aKABU _cKABU |
||
| 050 |
_aPE1479 _b.V57 2014 c. 1 |
||
| 100 | _aViswamohan, Aysha | ||
| 245 | _aEnglish for the hotel industry | ||
| 260 |
_aNew Delhi _bPearson _c2014 |
||
| 300 | _axiii, 201 p. | ||
| 650 |
_aEnglish language _xBusiness english |
||
| 650 | _aCaterers and catering | ||
| 942 |
_2lcc _cBK _hPE1479 |
||